| Tag |
First Indicator |
Second Indicator |
Subfields |
| LEADER |
00000pam a2200000 a 4500 |
| 001 |
in00000069573 |
| 005 |
20151008054510.0 |
| 008 |
800502s1981 ctua b 00100 engm |
| 010 |
|
|
|a 80001050
|
| 020 |
|
|
|a 0313214018 (lib. bdg.)
|
| 035 |
|
|
|a (OCoLC)06330616
|
| 035 |
|
|
|9 AAJ0838AM
|
| 040 |
|
|
|a DLC
|c DLC
|d m.c.
|d TXA
|d UtOrBLW
|
| 049 |
|
|
|a TXAM
|c [985606]
|
| 050 |
0 |
0 |
|a HX546
|b .F49
|
| 082 |
0 |
|
|a 305.4/20973
|
| 245 |
0 |
0 |
|a Flawed liberation :
|b socialism and feminism /
|c edited by Sally M. Miller.
|
| 264 |
|
1 |
|a Westport, Conn. :
|b Greenwood Press,
|c 1981.
|
| 300 |
|
|
|a xxiii, 214 pages :
|b illustrations ;
|c 24 cm.
|
| 336 |
|
|
|a text
|b txt
|2 rdacontent
|
| 337 |
|
|
|a unmediated
|b n
|2 rdamedia
|
| 338 |
|
|
|a volume
|b nc
|2 rdacarrier
|
| 490 |
1 |
|
|a Contributions in women's studies,
|x 0147-104X ;
|v no. 19
|
| 500 |
|
|
|a Includes index.
|
| 504 |
|
|
|a Bibliography: pages [197]-205.
|
| 505 |
0 |
|
|a Daniel DeLeon and the woman question / L. Glen Seretan -- Women in the party bureaucracy / Sally M. Miller -- May Wood Simons / Gretchen and Kent Kreuter -- Lena Morrow Lewis / Mari Jo Buhle -- The "Jennie Higginses" of the "new South in the West" / Neil K. Basen -- The politics of mutual frustration / John D. Buenker -- Women socialists and their male comrades / William C. Pratt.
|
| 650 |
|
0 |
|a Women and socialism
|z United States.
|
| 650 |
|
0 |
|a Feminism
|z United States.
|
| 700 |
1 |
|
|a Miller, Sally M.,
|d 1937-
|
| 830 |
|
0 |
|a Contributions in women's studies ;
|v no. 19.
|
| 999 |
|
|
|a MARS
|
| 999 |
f |
f |
|s b60689fd-2190-3623-ab52-4686a408bcd0
|i f4f69825-cb29-38e9-9a67-cb105a02276f
|t 0
|
| 952 |
f |
f |
|p ric
|a Texas A&M University
|b Rellis Campus
|c Joint Library Facility
|d Remote Storage
|t 0
|e HX546 .F49
|h Library of Congress classification
|i unmediated -- volume
|m A14806148413
|
| 998 |
f |
f |
|a HX546 .F49
|t 0
|l Remote Storage
|